Concrete Sustainability
Kaydedildi:
| Yazar: | |
|---|---|
| Materyal Türü: | Kitap |
| Dil: | İngilizce |
| Baskı/Yayın Bilgisi: |
Ane Books pvt. Ltd.
2018
|
| Etiketler: |
Etiketle
Etiket eklenmemiş, İlk siz ekleyin!
|
MARC
| LEADER | 00000nam a22000007a 4500 | ||
|---|---|---|---|
| 008 | 210714b ||||| |||| 00| 0 eng d | ||
| 020 | |a 9789385462863 | ||
| 100 | |a Nayak,Narayan V. | ||
| 245 | |a Concrete Sustainability |c Narayan V. Natak{and} Kumar Jain |g viii, 226p | ||
| 260 | |b Ane Books pvt. Ltd. |c 2018 |h India |i 696499 |i 696500 |l HC 435.3.N24 |m Women in development -India |m Sustainable development -India |m India- Economic policy-1991 | ||
| 500 | |a It includes index | ||
| 942 | |a lcc |c BK |e Olagoke, M.A |f 14/07/2021 | ||
| 952 | |0 0 |1 0 |2 lcc |4 0 |6 HC04353 N24 |7 0 |9 2788 |a HOL |b SSL |d 2021-07-14 |l 0 |o HC435.3.N24 |p 2021-66450 |r 2021-07-14 00:00:00 |w 2021-07-14 |y BK | ||
| 952 | |0 0 |1 0 |2 lcc |4 0 |7 0 |9 2789 |a HOL |b HOL |c GJ |d 2021-07-14 |o HC435.3.N24 |p 2021-66451 |r 2021-07-14 00:00:00 |w 2021-07-14 |y BK | ||
| 999 | |c 1451 |d 1451 | ||